Statistics for #1 Songs with Geographical Names

Click here to take the quiz!

General Stats

  • This quiz has been taken 617 times
  • The average score is 14 of 28

Answer Stats

HintArtistYearAnswer% Correct
ContinentToto1983Africa
92%
Country? (_n Pie)Don Mclean1972America
90%
Country (Walk like an _ian)The Bangles1986/7Egypt
90%
State (_ Gurls)Katy Parry2010California
83%
US State (_ on my mind)Ray Charles1960Georgia
81%
City (_ Vice Theme)Jan Hammer1985Miami
79%
State (Midnight Train to _)Gladys knight and the Pips1973Georgia
70%
Country? (_n Woman)The Guess Who1970America
68%
Country? (We’re an _n Band)Grand Funk1973America
66%
Sea (_ Queen)Billy Ocean1984Caribbean
57%
CityCamila Cabello2018Havana
57%
City (_ Bridge)Fergie2006London
57%
StreetThe Beatles1967Penny Lane
55%
Neighborhood (_ Shake)Baauer2013Harlem
52%
BeachThe Beach Boys1988Kokomo
51%
State (The Night the Lights went out in _)Vicki Lawrence1973Georgia
47%
City (Last Train to _)The Monkees1966Clarksville
46%
City (_ Freedom)The Elton John Band1975Philadelphia
41%
Historical BuildingThe Animals1964House of the Rising Sun
36%
City (The Night _ Died)Grand Lace1974Chicago
31%
City (The Battle of _)Johnny Horton1959New Orleans
29%
City (Rich Men North of _)Oliver Anthony2023Richmond
28%
CityMarty Robins1960El Paso
20%
City (The Sound of _)MFSB1974Philadelphia
15%
ParkDonna Summer1978MacArthur Park
13%
CityWilbert Harrison1959Kansas CIty
9%
BuildingThe New Vaudeville Band1966Winchester Cathedral
9%
City (Historical Name)Lawrence Welk and his Orchestra1961Calcutta
4%

Score Distribution

Percentile by Number Answered

Percent of People with Each Score

Your Score History

You have not taken this quiz